[Event "7th Essent op"]
[Site "Hoogeveen NED"]
[Date "2003.10.12"]
[Round "3.30"]
[White "Malinarski, Yehuda"]
[Black "Van Geffen, Ben"]
[Result "0-1"]
[WhiteElo "2180"]
[BlackElo "2150"]
[EventDate "2003.10.10"]
[PlyCount "66"]

1.e4 e5 2.Nf3 Nc6 3.d4 exd4 4.Nxd4 Bc5 5.Be3 Qf6 6.c3 Nge7 7.Bc4 b6 8.O-O 
Bb7 9.f4 O-O-O 10.e5 Qh6 11.Qe2 Bxd4 12.cxd4 Nf5 13.d5 Nxe5 14.fxe5 Qxe3+ 
15.Rf2 Rde8 16.Nc3 Rxe5 17.Qf1 Nd6 18.Be2 Ne4 19.Nxe4 Rxe4 20.Bf3 Re5 21.
Qc4 Qc5 22.Qd3 Rhe8 23.g3 Bxd5 24.Bxd5 Rxd5 25.Qxh7 Rd2 26.Rf1 Ree2 27.
Qg8+ Kb7 28.Qxf7 Rxb2 29.Qf3+ d5 30.Kg2 Rxf2+ 31.Rxf2 Qxf2+ 32.Qxf2 Rxf2+ 
33.Kxf2 Kc6 0-1

[Event "7th Essent op"]
[Site "Hoogeveen NED"]
[Date "2003.10.12"]
[Round "3.31"]
[White "Rothuis, Vincent"]
[Black "Cako, Laszlo"]
[Result "1-0"]
[WhiteElo "2071"]
[BlackElo "2164"]
[EventDate "2003.10.10"]
[PlyCount "93"]

1.e4 e5 2.Nf3 Nc6 3.Bc4 Nf6 4.d3 Bc5 5.c3 d6 6.Bb3 h6 7.O-O O-O 8.Nbd2 Re8
9.h3 a6 10.Re1 Ba7 11.Nf1 Ne7 12.Ng3 Ng6 13.Be3 Bxe3 14.Rxe3 Nf4 15.Qd2 
Bd7 16.Ne2 N6h5 17.Nxf4 Nxf4 18.d4 Be6 19.d5 Bd7 20.Bc2 a5 21.Kh1 Rf8 22.
c4 b6 23.b3 f5 24.a3 Qf6 25.Ng1 fxe4 26.Bxe4 Bf5 27.Bxf5 Qxf5 28.Rae1 Rf6 
29.Kh2 Qd7 30.Ne2 Ng6 31.Nc3 Rf4 32.Ne4 Ne7 33.Rc3 Raf8 34.f3 g5 35.b4 
axb4 36.axb4 Qa4 37.Rd3 R4f7 38.c5 Nf5 39.Rc1 bxc5 40.bxc5 Nd4 41.cxd6 
cxd6 42.Nxd6 Rd7 43.Nc4 Qb5 44.Nxe5 Rxd5 45.Qa2 Kg7 46.Qa7+ Kf6 47.Ng4+ 
1-0

[Event "7th Essent op"]
[Site "Hoogeveen NED"]
[Date "2003.10.12"]
[Round "3.32"]
[White "Slisser, Theo"]
[Black "Van Weersel, Arlette"]
[Result "0-1"]
[WhiteElo "2161"]
[BlackElo "2128"]
[EventDate "2003.10.10"]
[PlyCount "80"]

1.d4 Nf6 2.c4 g6 3.Nc3 d5 4.Nf3 Bg7 5.cxd5 Nxd5 6.e4 Nxc3 7.bxc3 O-O 8.Rb1
c5 9.Be2 Nc6 10.d5 Bxc3+ 11.Bd2 Bxd2+ 12.Qxd2 Na5 13.Qh6 f6 14.h4 e5 15.
dxe6 Qe7 16.h5 g5 17.e5 Bxe6 18.exf6 Qxf6 19.Qxg5+ Qxg5 20.Nxg5 Bf5 21.Rc1
b6 22.Rh4 Rfe8 23.Kf1 h6 24.Rf4 Rf8 25.Nf3 Be6 26.Re4 Bxa2 27.Rg4+ Kf7 28.
Ne5+ Ke6 29.Ng6 Rfe8 30.Bb5 Red8 31.Re1+ Kd6 32.Rf4 c4 33.Re5 a6 34.Rd4+ 
Kc7 35.Re7+ Kc8 36.Rxd8+ Kxd8 37.Re8+ Kc7 38.Rxa8 axb5 39.Ke2 b4 40.Nf4 
Kc6 0-1

[Event "7th Essent op"]
[Site "Hoogeveen NED"]
[Date "2003.10.13"]
[Round "4.1"]
[White "Izoria, Zviad"]
[Black "Beshukov, Sergei"]
[Result "1/2-1/2"]
[WhiteElo "2546"]
[BlackElo "2506"]
[EventDate "2003.10.10"]
[PlyCount "27"]

1.d4 d5 2.c4 e6 3.Nf3 c6 4.Qc2 Nf6 5.Nbd2 dxc4 6.Nxc4 c5 7.dxc5 Bxc5 8.a3 
O-O 9.b4 Be7 10.Bb2 Nbd7 11.e4 b6 12.Bd3 h6 13.O-O Bb7 14.Rfd1 1/2-1/2

[Event "7th Essent op"]
[Site "Hoogeveen NED"]
[Date "2003.10.13"]
[Round "4.2"]
[White "Pert, Nicholas"]
[Black "Motylev, Alexander"]
[Result "1/2-1/2"]
[WhiteElo "2488"]
[BlackElo "2634"]
[EventDate "2003.10.10"]
[PlyCount "35"]

1.d4 Nf6 2.Nf3 g6 3.c4 Bg7 4.g3 O-O 5.Bg2 d6 6.O-O Nc6 7.Nc3 a6 8.Re1 Rb8 
9.Rb1 Na5 10.b3 b5 11.cxb5 axb5 12.b4 Nc4 13.d5 e6 14.Nd4 Bd7 15.Bg5 h6 
16.Bxf6 Qxf6 17.e3 Rfc8 18.Qe2 1/2-1/2

[Event "7th Essent op"]
[Site "Hoogeveen NED"]
[Date "2003.10.13"]
[Round "4.3"]
[White "Grigoriants, Sergey"]
[Black "Rogers, Ian"]
[Result "0-1"]
[WhiteElo "2525"]
[BlackElo "2574"]
[EventDate "2003.10.10"]
[PlyCount "80"]

1.e4 c6 2.d4 d5 3.Nc3 dxe4 4.Nxe4 Nf6 5.Nxf6+ gxf6 6.Nf3 Bg4 7.Be2 Qc7 8.
h3 Bh5 9.Nh4 Bxe2 10.Qxe2 e6 11.O-O Nd7 12.c4 O-O-O 13.Be3 c5 14.Rac1 Rg8 
15.Nf3 Qc6 16.d5 exd5 17.cxd5 Qxd5 18.Rfd1 Qc6 19.b4 Bd6 20.bxc5 Bc7 21.
Rd6 Qa4 22.Rd4 Qc6 23.Rd6 Qa4 24.Rc4 Qa5 25.Rdd4 Ne5 26.Nxe5 fxe5 27.Rh4 
Qb5 28.c6 bxc6 29.f3 Rd6 30.Qc2 Qd5 31.Qf5+ Kb7 32.Rb4+ Ka8 33.Rxh7 Qd1+ 
34.Kh2 e4 35.f4 Rxg2+ 36.Kxg2 Qf3+ 37.Kh2 Qe2+ 38.Kg3 Qxe3+ 39.Kh4 Bd8+ 
40.Kh5 Rd5 0-1

[Event "7th Essent op"]
[Site "Hoogeveen NED"]
[Date "2003.10.13"]
[Round "4.4"]
[White "Dvoirys, Semen I"]
[Black "Janssen, Ruud"]
[Result "1-0"]
[WhiteElo "2569"]
[BlackElo "2489"]
[EventDate "2003.10.10"]
[PlyCount "83"]

1.e4 c6 2.Nc3 d5 3.Nf3 Bg4 4.h3 Bxf3 5.Qxf3 Nf6 6.Be2 e6 7.a3 Be7 8.O-O 
O-O 9.d3 c5 10.Re1 Nc6 11.Bf1 d4 12.Nb1 e5 13.Nd2 Ne8 14.g3 Bg5 15.Bg2 Nd6
16.Rf1 Bh6 17.Qh5 b5 18.f4 f6 19.Nf3 Nf7 20.Nh2 g6 21.Qe2 a5 22.h4 a4 23.
Ng4 Bg7 24.f5 Ra6 25.fxg6 hxg6 26.h5 gxh5 27.Nh2 Bh6 28.Bxh6 Nxh6 29.Qxh5 
Kg7 30.Ng4 Ng8 31.Rf2 Qe8 32.Qh4 Nce7 33.Raf1 Ng6 34.Qh3 b4 35.Rf5 Rf7 36.
Rh5 Kf8 37.Nh6 Rh7 38.Bf3 Qd7 39.Bg4 Qg7 40.Nxg8 Kxg8 41.Be6+ Kh8 42.Rxf6 
1-0

[Event "7th Essent op"]
[Site "Hoogeveen NED"]
[Date "2003.10.13"]
[Round "4.5"]
[White "Hoeksema, Hendrik Pieter"]
[Black "Hebden, Mark"]
[Result "1/2-1/2"]
[WhiteElo "2351"]
[BlackElo "2560"]
[EventDate "2003.10.10"]
[PlyCount "89"]

1.e4 e5 2.Nf3 Nc6 3.d4 exd4 4.Nxd4 Nf6 5.Nxc6 bxc6 6.e5 Qe7 7.Qe2 Nd5 8.c4
Nb6 9.b3 g6 10.Bb2 Bg7 11.g3 O-O 12.Bg2 Re8 13.O-O d5 14.f4 f6 15.Nc3 d4 
16.Ne4 fxe5 17.fxe5 Qxe5 18.Rae1 Bf5 19.Qd2 Rad8 20.c5 Nd5 21.Nd6 cxd6 22.
Rxe5 dxe5 23.Qa5 e4 24.g4 Bxg4 25.Bxe4 Be2 26.Rf2 d3 27.Bxg7 Kxg7 28.Bxd5 
Rxd5 29.Qc7+ Kh6 30.Qf4+ Kh5 31.Qd2 Rxc5 32.Rg2 Re4 33.Rg3 g5 34.b4 Rd5 
35.Rh3+ Kg6 36.Qc3 Rg4+ 37.Kf2 Rf4+ 38.Ke3 Rd6 39.Qh8 h5 40.Qe8+ Kf6 41.
Qh8+ Kg6 42.Qg8+ Kh6 43.Qh8+ Kg6 44.Qg8+ Kh6 45.Qh8+ 1/2-1/2

[Event "7th Essent op"]
[Site "Hoogeveen NED"]
[Date "2003.10.13"]
[Round "4.6"]
[White "Glek, Igor Vladimirovich"]
[Black "Stellwagen, Daniel"]
[Result "1-0"]
[WhiteElo "2555"]
[BlackElo "2487"]
[EventDate "2003.10.10"]
[PlyCount "81"]

1.e4 c5 2.Nf3 e6 3.d3 Nc6 4.g3 Nge7 5.Bg2 g6 6.h4 h6 7.c3 Bg7 8.Be3 b6 9.
d4 cxd4 10.Nxd4 O-O 11.Nxc6 Nxc6 12.Na3 Ba6 13.Qa4 Qc8 14.Rd1 Ne5 15.Bd4 
b5 16.Qb3 Qc6 17.Nc2 Bb7 18.O-O a6 19.Ne3 Qc7 20.Rd2 f5 21.Rfd1 Bxe4 22.
Bxe5 Qxe5 23.Rxd7 Bxg2 24.Nxg2 Rfe8 25.Re1 Qf6 26.Nf4 Kh8 27.Rxe6 Rxe6 28.
Qxe6 Qxe6 29.Nxe6 Be5 30.f4 Re8 31.Nc5 Bf6 32.Kf1 a5 33.Rd6 Kg7 34.Ne6+ 
Kf7 35.Nc7 Rb8 36.Rd7+ Kf8 37.Nd5 Bg7 38.a3 Kg8 39.Ne7+ Kh7 40.Nc6 Ra8 41.
Ra7 1-0

[Event "7th Essent op"]
[Site "Hoogeveen NED"]
[Date "2003.10.13"]
[Round "4.7"]
[White "Inarkiev, Ernesto"]
[Black "Dambacher, Martijn"]
[Result "1-0"]
[WhiteElo "2593"]
[BlackElo "2419"]
[EventDate "2003.10.10"]
[PlyCount "73"]

1.d4 d5 2.c4 e6 3.Nc3 Nf6 4.Bg5 Be7 5.cxd5 exd5 6.e3 O-O 7.Bd3 Nbd7 8.Qc2 
Re8 9.Nf3 Nf8 10.h3 Be6 11.O-O c6 12.Ne5 N6d7 13.Bxe7 Qxe7 14.f4 f6 15.Nf3
Nb6 16.Rae1 Qc7 17.Kh1 Re7 18.g4 Rae8 19.Rg1 Bf7 20.Qf2 Kh8 21.Rg3 Bg6 22.
f5 Bf7 23.Nh4 Nbd7 24.Reg1 Qb6 25.Ng2 c5 26.Nf4 Qd6 27.h4 Nb6 28.Nb5 Qc6 
29.Nxa7 Qa4 30.Nb5 cxd4 31.exd4 Nc4 32.Nc3 Qc6 33.g5 Nd7 34.g6 Bg8 35.gxh7
Bxh7 36.Qg2 Rg8 37.Ncxd5 1-0

[Event "7th Essent op"]
[Site "Hoogeveen NED"]
[Date "2003.10.13"]
[Round "4.9"]
[White "l`Ami, Erwin"]
[Black "Okkes, Menno"]
[Result "1-0"]
[WhiteElo "2470"]
[BlackElo "2352"]
[EventDate "2003.10.10"]
[PlyCount "91"]

1.d4 d5 2.c4 c6 3.Nf3 Nf6 4.Nc3 e6 5.Bg5 dxc4 6.e4 b5 7.e5 h6 8.Bh4 g5 9.
Nxg5 hxg5 10.Bxg5 Nbd7 11.exf6 Bb7 12.g3 Qb6 13.Bg2 O-O-O 14.O-O Bh6 15.
Bxh6 Rxh6 16.Qd2 Rg6 17.Rad1 Nxf6 18.Qf4 Qc7 19.Qxc7+ Kxc7 20.f4 Ng4 21.f5
exf5 22.Rxf5 Ne3 23.Rxf7+ Kb6 24.Rd2 Nxg2 25.Kxg2 Rgd6 26.h4 Rxd4 27.Rxd4 
Rxd4 28.h5 c5+ 29.Kf2 Rd2+ 30.Ne2 Rxb2 31.h6 Rb1 32.h7 Rh1 33.Ke3 b4 34.g4
Rh3+ 35.Kf4 b3 36.Nc3 Bc6 37.g5 b2 38.Kg4 Rh1 39.g6 Be4 40.Rf8 Ka5 41.h8=Q
Rxh8 42.Rxh8 Bxg6 43.Rb8 b1=Q 44.Nxb1 Bxb1 45.Rxb1 c3 46.Kf3 1-0

[Event "7th Essent op"]
[Site "Hoogeveen NED"]
[Date "2003.10.13"]
[Round "4.11"]
[White "Van der Werf, Mark"]
[Black "Dogge, Marc"]
[Result "1-0"]
[WhiteElo "2423"]
[BlackElo "2228"]
[EventDate "2003.10.10"]
[PlyCount "55"]

1.d4 Nf6 2.c4 e6 3.Nf3 Bb4+ 4.Bd2 c5 5.Bxb4 cxb4 6.Qd3 d6 7.e4 O-O 8.Be2 
Re8 9.Nbd2 Nc6 10.O-O e5 11.d5 Nb8 12.a3 Na6 13.axb4 Nxb4 14.Qc3 a5 15.c5 
Bg4 16.cxd6 Qxd6 17.Rfc1 Rec8 18.Nc4 Qf8 19.Qe3 b5 20.Na3 Rxc1+ 21.Rxc1 
Rc8 22.Rxc8 Qxc8 23.h3 Bxf3 24.Bxf3 Qb8 25.Be2 Ne8 26.Qc3 f5 27.Nxb5 fxe4 
28.d6 1-0

[Event "7th Essent op"]
[Site "Hoogeveen NED"]
[Date "2003.10.13"]
[Round "4.12"]
[White "Jonkman, Harmen"]
[Black "De Jong, Migchiel"]
[Result "1/2-1/2"]
[WhiteElo "2414"]
[BlackElo "2274"]
[EventDate "2003.10.10"]
[PlyCount "80"]

1.e4 e6 2.d4 d5 3.e5 c5 4.c3 Qb6 5.a3 Bd7 6.Nf3 cxd4 7.cxd4 Bb5 8.Bxb5+ 
Qxb5 9.Nc3 Qa6 10.Ne2 Nd7 11.O-O Ne7 12.Ng3 Nc6 13.Bf4 h6 14.Rc1 O-O-O 15.
b4 Nb6 16.Qb3 Qb5 17.Nd2 Kb8 18.Be3 Be7 19.Nh5 g6 20.Nf4 Rc8 21.Rc3 Na4 
22.Rc2 a6 23.Nd3 h5 24.Rfc1 Na7 25.Nc5 Nxc5 26.dxc5 Nc6 27.Nf3 a5 28.Nd4 
Nxd4 29.Bxd4 Bg5 30.Be3 Bxe3 31.Qxe3 axb4 32.Rb2 d4 33.Qxd4 Rhd8 34.Rxb4 
Qe2 35.Rb2 Rxd4 36.Rxe2 Rxc5 37.Rb1 Rb5 38.Ra1 Rb3 39.h3 Ra4 40.Rd1 Rc4 
1/2-1/2

[Event "7th Essent op"]
[Site "Hoogeveen NED"]
[Date "2003.10.13"]
[Round "4.13"]
[White "Jongsma, Daan"]
[Black "Prasad, Devaki V"]
[Result "0-1"]
[WhiteElo "2248"]
[BlackElo "2409"]
[EventDate "2003.10.10"]
[PlyCount "104"]

1.e4 c5 2.Nf3 d6 3.d4 cxd4 4.Qxd4 a6 5.Be3 Nf6 6.Nc3 Nc6 7.Qb6 Qxb6 8.Bxb6
Bg4 9.Be2 e6 10.O-O-O Rc8 11.Rhe1 Be7 12.h3 Bh5 13.Kb1 O-O 14.Nd2 Bxe2 15.
Rxe2 Nd7 16.Be3 b5 17.Nb3 Nde5 18.Nd4 Nc4 19.Bc1 Bf6 20.Nxc6 Rxc6 21.Rd3 
Rfc8 22.Nd1 a5 23.Ne3 Ne5 24.Rd1 Nd7 25.Ng4 Be7 26.Be3 h5 27.Nh2 Nc5 28.f3
Na4 29.Nf1 b4 30.Bd4 Kf8 31.f4 Nc5 32.g4 hxg4 33.hxg4 g6 34.f5 Bg5 35.Nh2 
Nxe4 36.fxg6 e5 37.Nf3 Ng3 38.g7+ Kg8 39.Rg2 Bf4 40.Bg1 Ne4 41.Re2 Rc4 42.
Nh4 Kxg7 43.Nf5+ Kf6 44.Bh2 Kg5 45.Nxd6 Nxd6 46.Rxd6 Bxh2 47.Rxh2 Rxg4 48.
b3 Rc5 49.Rdh6 f5 50.R6h5+ Kf6 51.Rd2 e4 52.Kb2 e3 0-1

[Event "7th Essent op"]
[Site "Hoogeveen NED"]
[Date "2003.10.13"]
[Round "4.14"]
[White "Werle, Jan"]
[Black "Giddins, Stephen"]
[Result "0-1"]
[WhiteElo "2409"]
[BlackElo "2237"]
[EventDate "2003.10.10"]
[PlyCount "38"]

1.Nf3 Nf6 2.c4 c6 3.d4 d5 4.e3 Bf5 5.Nc3 e6 6.Nh4 Be4 7.f3 Bg6 8.Nxg6 hxg6
9.Qb3 Qc7 10.g3 Bd6 11.Bg2 Rxh2 12.Rxh2 Bxg3+ 13.Kf1 Bxh2 14.e4 dxe4 15.
fxe4 e5 16.d5 Nbd7 17.Na4 cxd5 18.cxd5 Rc8 19.Be3 Ng4 0-1

[Event "7th Essent op"]
[Site "Hoogeveen NED"]
[Date "2003.10.13"]
[Round "4.15"]
[White "Willemze, Thomas"]
[Black "Grooten, Herman"]
[Result "1-0"]
[WhiteElo "2232"]
[BlackElo "2390"]
[EventDate "2003.10.10"]
[PlyCount "63"]

1.e4 c6 2.c4 d5 3.cxd5 cxd5 4.exd5 Nf6 5.Nc3 Nxd5 6.Bc4 e6 7.Nf3 Be7 8.O-O
Nc6 9.d4 O-O 10.Re1 Nxc3 11.bxc3 b6 12.Bd3 Bf6 13.h4 Bb7 14.Ng5 h6 15.Qh5 
e5 16.Bh7+ Kh8 17.Be4 Bxg5 18.Bxg5 Qe8 19.Bf6 Kg8 20.Re3 Ne7 21.Rg3 Ng6 
22.Bxb7 gxf6 23.Bxa8 Qxa8 24.Qxh6 Qe4 25.h5 Qf4 26.Qxf4 exf4 27.Rf3 Ne7 
28.Rxf4 Nd5 29.Rf3 Rc8 30.Kf1 b5 31.Rf5 Nxc3 32.Rc5 1-0

[Event "7th Essent op"]
[Site "Hoogeveen NED"]
[Date "2003.10.13"]
[Round "4.16"]
[White "Van de Oudeweetering, Arthur"]
[Black "Timmermans, Ivo"]
[Result "1/2-1/2"]
[WhiteElo "2389"]
[BlackElo "2213"]
[EventDate "2003.10.10"]
[PlyCount "97"]

1.e4 e6 2.d4 d5 3.Nc3 Bb4 4.e5 c5 5.a3 Ba5 6.Qg4 Ne7 7.dxc5 Bxc3+ 8.bxc3 
Qa5 9.Bd2 Ng6 10.Nf3 Nc6 11.Bd3 Bd7 12.O-O O-O-O 13.Rfe1 Qc7 14.Qg3 f5 15.
h4 Rdg8 16.Rab1 Nge7 17.Nd4 Nxd4 18.cxd4 h6 19.Rb2 g5 20.hxg5 hxg5 21.Bxg5
Rh5 22.f4 Qa5 23.Reb1 Rgh8 24.Qe3 Rh1+ 25.Kf2 Rxb1 26.Rxb1 Nc6 27.c4 Qxa3 
28.cxd5 Qa2+ 29.Kg3 Qxd5 30.Bb5 Rh7 31.Rd1 Nd8 32.Bxd7+ Rxd7 33.Bxd8 Rxd8 
34.Qf3 Qc4 35.Qd3 Rg8+ 36.Kf2 Qd5 37.Qf3 Qa2+ 38.Kg1 Qc2 39.Rf1 Rd8 40.Qe3
Qa4 41.Kh2 Qxd4 42.Qxd4 Rxd4 43.g4 fxg4 44.Kg3 a5 45.Kxg4 a4 46.Kg5 a3 47.
Kf6 a2 48.Kxe6 Rxf4 49.Ra1 1/2-1/2

[Event "7th Essent op"]
[Site "Hoogeveen NED"]
[Date "2003.10.13"]
[Round "4.17"]
[White "Williams, Simon Kim"]
[Black "Doggers, Peter"]
[Result "1-0"]
[WhiteElo "2380"]
[BlackElo "2209"]
[EventDate "2003.10.10"]
[PlyCount "69"]

1.d4 Nf6 2.c4 g6 3.Nc3 Bg7 4.e4 d6 5.Nge2 O-O 6.Ng3 e5 7.d5 a5 8.h4 Na6 9.
Be2 c6 10.h5 Nc5 11.Be3 cxd5 12.cxd5 Qb6 13.Rb1 Bd7 14.h6 Bh8 15.O-O Rfc8 
16.f4 exf4 17.Rxf4 Qd8 18.Bd4 Qe7 19.Qd2 b5 20.Rbf1 b4 21.Bxf6 Bxf6 22.
Rxf6 Qe5 23.Rxf7 bxc3 24.Qxc3 Qxc3 25.bxc3 Rf8 26.Rg7+ Kh8 27.Rxf8+ Rxf8 
28.Bf3 Rd8 29.c4 Nd3 30.e5 Nxe5 31.Ne4 Rg8 32.Rxg8+ Kxg8 33.Nxd6 Kf8 34.c5
Ke7 35.Ne4 1-0

[Event "7th Essent op"]
[Site "Hoogeveen NED"]
[Date "2003.10.13"]
[Round "4.18"]
[White "Afek, Yochanan"]
[Black "Hulshof, Peter"]
[Result "1/2-1/2"]
[WhiteElo "2376"]
[BlackElo "2202"]
[EventDate "2003.10.10"]
[PlyCount "91"]

1.e4 g6 2.d4 Bg7 3.Nc3 c6 4.Nf3 d5 5.h3 Nf6 6.e5 Ne4 7.Nxe4 dxe4 8.Ng5 c5 
9.d5 Bxe5 10.Nxe4 Qa5+ 11.c3 Qc7 12.Bh6 Bf5 13.g4 Bxe4 14.Qa4+ Nd7 15.Qxe4
O-O-O 16.Bg2 Nf6 17.Qc4 Ne8 18.Be3 b6 19.Qa6+ Kb8 20.a4 Nd6 21.a5 Qb7 22.
axb6 axb6 23.Qa4 Kc7 24.O-O Ra8 25.Qc2 Rxa1 26.Rxa1 Ra8 27.Re1 Kd8 28.Bg5 
Bf6 29.Bxf6 exf6 30.Qd2 Qd7 31.Qf4 Kc7 32.Qxf6 Re8 33.Re5 Rxe5 34.Qxe5 Qe8
35.Qxe8 Nxe8 36.Kf1 Kd6 37.Ke2 Ke5 38.g5 Kf4 39.h4 Nd6 40.b3 Nb5 41.c4 Nd6
42.Bh3 Ne8 43.Bd7 Nd6 44.Bh3 Ne8 45.Bd7 Nd6 46.Bh3 1/2-1/2

[Event "7th Essent op"]
[Site "Hoogeveen NED"]
[Date "2003.10.13"]
[Round "4.19"]
[White "Erwich, Marc"]
[Black "Ahlers, Ben"]
[Result "1-0"]
[WhiteElo "2333"]
[BlackElo "2200"]
[EventDate "2003.10.10"]
[PlyCount "49"]

1.e4 d6 2.d4 Nf6 3.Nc3 g6 4.Nf3 Bg7 5.Be2 c6 6.a4 O-O 7.O-O Qc7 8.Re1 Nbd7
9.Bf1 b6 10.h3 Bb7 11.e5 dxe5 12.dxe5 Nd5 13.Nxd5 cxd5 14.Bf4 Rac8 15.c3 
Nc5 16.Nd4 f6 17.Qe2 Ba6 18.Qf3 Qd7 19.Bxa6 Nxa6 20.e6 Qb7 21.h4 Nc5 22.h5
Ne4 23.hxg6 hxg6 24.Qg4 f5 25.Qxg6 1-0

[Event "7th Essent op"]
[Site "Hoogeveen NED"]
[Date "2003.10.13"]
[Round "4.20"]
[White "Van Beek, Alexander"]
[Black "Spoelman, Wouter"]
[Result "0-1"]
[WhiteElo "2276"]
[BlackElo "2193"]
[EventDate "2003.10.10"]
[PlyCount "80"]

1.d4 Nf6 2.Nf3 e6 3.c4 b6 4.g3 Ba6 5.b3 Bb4+ 6.Bd2 Be7 7.Bg2 Bb7 8.Nc3 O-O
9.O-O Na6 10.Bc1 d5 11.Bb2 c5 12.cxd5 exd5 13.Rc1 Qd7 14.Qc2 Nb4 15.Qb1 
Rfe8 16.Rfd1 Rad8 17.Ne5 Qe6 18.Nb5 Bd6 19.Nxd6 Qxd6 20.dxc5 bxc5 21.a3 
Na6 22.Nd3 Re7 23.e3 d4 24.Nxc5 Nxc5 25.Rxd4 Nd5 26.Bc3 Qb6 27.Rcd1 Red7 
28.Qf5 Ne6 29.Rxd5 Bxd5 30.Rxd5 Qxb3 31.Rxd7 Rxd7 32.Qe5 Qc4 33.Bh3 Rd1+ 
34.Kg2 Qf1+ 35.Kf3 Qxh3 36.Bd4 h6 37.Ke2 Qf1+ 38.Kf3 Qh1+ 39.Kg4 Qxh2 40.
f4 Qe2+ 0-1

[Event "7th Essent op"]
[Site "Hoogeveen NED"]
[Date "2003.10.13"]
[Round "4.21"]
[White "Archangelsky, Mikhail"]
[Black "Potze, Rudolf"]
[Result "1/2-1/2"]
[WhiteElo "2344"]
[BlackElo "2124"]
[EventDate "2003.10.10"]
[PlyCount "75"]

1.d4 Nf6 2.Bg5 Ne4 3.Bf4 d5 4.e3 Bf5 5.f3 Nf6 6.c4 e6 7.Nc3 c6 8.Qb3 b6 9.
g4 Bg6 10.h4 h5 11.g5 dxc4 12.Bxc4 Nd5 13.Nxd5 exd5 14.Bd3 Bxd3 15.Qxd3 
Bb4+ 16.Kf2 g6 17.Rc1 Bd6 18.Ne2 O-O 19.a3 Bxf4 20.Nxf4 Qd6 21.b4 Nd7 22.
b5 c5 23.dxc5 Nxc5 24.Qc3 Rac8 25.Qf6 Qxf6 26.gxf6 Rfd8 27.Rcd1 d4 28.e4 
Ne6 29.Nxe6 fxe6 30.Rd3 e5 31.f4 exf4 32.Kf3 Kf7 33.e5 Rc5 34.Kxf4 Rxb5 
35.Rhd1 Rdd5 36.Re1 Ke6 37.Kg5 Kf7 38.Kf4 1/2-1/2

[Event "7th Essent op"]
[Site "Hoogeveen NED"]
[Date "2003.10.13"]
[Round "4.22"]
[White "Van Geffen, Ben"]
[Black "Rubingh, Otto"]
[Result "1/2-1/2"]
[WhiteElo "2150"]
[BlackElo "2299"]
[EventDate "2003.10.10"]
[PlyCount "92"]

1.e4 d5 2.exd5 Nf6 3.d4 Nxd5 4.Nf3 g6 5.c4 Nb6 6.Nc3 Bg7 7.c5 Nd5 8.Bc4 
Nxc3 9.bxc3 O-O 10.O-O b6 11.Ba3 bxc5 12.Bxc5 Ba6 13.Qe2 Bxc4 14.Qxc4 Nd7 
15.Rfe1 Nxc5 16.Qxc5 e6 17.Rab1 Qd6 18.Qa5 c6 19.Rb7 Qd5 20.Qa4 a5 21.h3 
Rfb8 22.Reb1 Rxb7 23.Rxb7 e5 24.dxe5 Bxe5 25.c4 Qe4 26.Nxe5 Qe1+ 27.Kh2 
Qxe5+ 28.g3 Qe2 29.Qxc6 Qxf2+ 30.Qg2 Qd4 31.Rd7 Qxd7 32.Qxa8+ Kg7 33.Qxa5 
Qd4 34.Qd5 Qf2+ 35.Qg2 Qd4 36.Qc2 h5 37.h4 f5 38.Qe2 Kh6 39.Kg2 f4 40.Qf3 
fxg3 41.Kxg3 Qg1+ 42.Kh3 Qc1 43.Qf8+ Kh7 44.Qf7+ Kh6 45.Qf8+ Kh7 46.Qf7+ 
Kh6 1/2-1/2

[Event "7th Essent op"]
[Site "Hoogeveen NED"]
[Date "2003.10.13"]
[Round "4.23"]
[White "Van Weersel, Arlette"]
[Black "Ris, Robert"]
[Result "0-1"]
[WhiteElo "2128"]
[BlackElo "2297"]
[EventDate "2003.10.10"]
[PlyCount "144"]

1.e4 g6 2.c4 Bg7 3.g3 d6 4.Bg2 Nf6 5.Nc3 O-O 6.Nge2 c5 7.O-O Nc6 8.d3 Ne8 
9.Be3 Nc7 10.Qd2 Ne6 11.Bh6 Ned4 12.Bxg7 Kxg7 13.f4 Bg4 14.Nxd4 cxd4 15.
Ne2 Bxe2 16.Qxe2 Qa5 17.a3 a6 18.b4 Qc7 19.Rac1 Qd7 20.Qb2 e5 21.f5 f6 22.
Rc2 b6 23.g4 a5 24.b5 Ne7 25.Bf3 gxf5 26.gxf5 Kh8 27.Rg2 Rg8 28.Rf2 Rxg2+ 
29.Rxg2 Rg8 30.Qf2 Qc8 31.Qh4 Rxg2+ 32.Kxg2 Qg8+ 33.Qg3 Qf8 34.Qh4 Qg7+ 
35.Kf1 Ng8 36.Bd1 Qf8 37.a4 Qg7 38.Bf3 Qc7 39.Qe1 Qc5 40.Bd1 Qa3 41.Qd2 
Kg7 42.Qc2 Qa1 43.Kg2 Nh6 44.Qd2 Nf7 45.Bc2 Ng5 46.Bd1 Qb1 47.Qc2 Qb4 48.
Qe2 Qc3 49.Qc2 Qa1 50.Qd2 Nf7 51.Qc2 Qa3 52.Qd2 Kf8 53.Kg3 Ng5 54.Kg2 Ke7 
55.Bc2 Qb2 56.Kg3 Qc3 57.Qxc3 dxc3 58.Kf2 d5 59.cxd5 Kd6 60.Ke3 Kc5 61.d6 
Kxd6 62.d4 exd4+ 63.Kxd4 Nf3+ 64.Kxc3 Ke5 65.h3 Ng5 66.h4 Nxe4+ 67.Kd3 Nd6
68.h5 Nxf5 69.Kc3 h6 70.Bd3 Ng3 71.Bg6 Ne4+ 72.Kc2 Nc5 0-1

[Event "7th Essent op"]
[Site "Hoogeveen NED"]
[Date "2003.10.13"]
[Round "4.24"]
[White "Van Doeland, Julius"]
[Black "Hendriks, Richard V"]
[Result "0-1"]
[WhiteElo "2273"]
[BlackElo "2108"]
[EventDate "2003.10.10"]
[PlyCount "128"]

1.Nf3 d6 2.d4 g6 3.e4 Bg7 4.Bc4 Nf6 5.Qe2 O-O 6.Nc3 c6 7.e5 Nd5 8.Bd2 Nxc3
9.Bxc3 Bg4 10.h3 Bxf3 11.Qxf3 d5 12.Bb3 a5 13.a3 e6 14.O-O c5 15.Rad1 cxd4
16.Bxd4 Nc6 17.Bc5 Nxe5 18.Qe2 Re8 19.Ba4 Nc6 20.Qb5 Qc7 21.c4 d4 22.Bb6 
Qf4 23.Qb3 e5 24.Bc7 Ra7 25.Qb6 Rea8 26.Bxc6 bxc6 27.c5 Ra6 28.Qb7 Qf5 29.
Bd6 Qc8 30.Qb3 R6a7 31.Rfe1 Rb7 32.Qa2 Qf5 33.b3 e4 34.Qc2 d3 35.Qc4 Re8 
36.Rxd3 Qe6 37.Qxe6 Rxe6 38.Rde3 f5 39.Rb1 Rb5 40.b4 Bd4 41.Re2 Re8 42.Rd1
Bc3 43.Rc2 axb4 44.axb4 Bxb4 45.Rb1 e3 46.Re2 exf2+ 47.Kf1 Rxe2 48.Kxe2 
Kf7 49.Rb3 h6 50.g4 fxg4 51.hxg4 Kf6 52.Kf1 Kg5 53.Kg2 Kxg4 54.Rg3+ Kf5 
55.Rf3+ Ke6 56.Re3+ Kd5 57.Re5+ Kd4 58.Re6 Bxc5 59.Rxg6 h5 60.Kxf2 Kd5+ 
61.Bxc5 Rxc5 62.Ke3 Kc4 63.Kd2 Rd5+ 64.Kc2 c5 0-1

[Event "7th Essent op"]
[Site "Hoogeveen NED"]
[Date "2003.10.13"]
[Round "4.25"]
[White "Van der Veen, Jan"]
[Black "Wempe, Joost"]
[Result "0-1"]
[WhiteElo "2118"]
[BlackElo "2259"]
[EventDate "2003.10.10"]
[PlyCount "86"]

1.e4 e6 2.d4 d5 3.Nc3 Nf6 4.Bg5 Bb4 5.e5 h6 6.Bd2 Bxc3 7.Bxc3 Ne4 8.Bb4 c5
9.Bxc5 Nxc5 10.dxc5 Qa5+ 11.Qd2 Qxc5 12.Nf3 Nc6 13.O-O-O Bd7 14.Bd3 b5 15.
Rhe1 b4 16.Qe3 Qe7 17.Nd4 O-O 18.f4 Nxd4 19.Qxd4 a5 20.g4 Rac8 21.Re3 Qc5 
22.Qxc5 Rxc5 23.Rd2 Rfc8 24.Be2 Ba4 25.b3 Be8 26.Kb2 Kf8 27.Bd3 Rc3 28.
Rde2 Ke7 29.Kc1 R3c5 30.Kd1 Bb5 31.Bxb5 Rxb5 32.Rd3 Rbc5 33.Red2 R8c7 34.
Rd4 Kd7 35.Rf2 Kc6 36.h4 Rc3 37.Rd3 Kc5 38.Rff3 Rxd3+ 39.cxd3 Kd4 40.Kd2 
Rc3 41.h5 a4 42.f5 axb3 43.axb3 Kxe5 0-1

[Event "7th Essent op"]
[Site "Hoogeveen NED"]
[Date "2003.10.13"]
[Round "4.26"]
[White "Markus, John Raymond"]
[Black "Rothuis, Vincent"]
[Result "1/2-1/2"]
[WhiteElo "2206"]
[BlackElo "2071"]
[EventDate "2003.10.10"]
[PlyCount "87"]

1.d4 Nf6 2.Nf3 e6 3.Bg5 c5 4.e3 h6 5.Bh4 b6 6.Nbd2 Bb7 7.Bd3 cxd4 8.exd4 
Be7 9.O-O d6 10.Bxf6 Bxf6 11.Re1 Nd7 12.c3 O-O 13.Ne4 Qc7 14.Qe2 Rfe8 15.
Bc2 Rad8 16.Qd3 Bxe4 17.Qxe4 g6 18.h4 Bg7 19.Qd3 Nf6 20.Ba4 Re7 21.Rad1 
Rc8 22.Bb3 Kh8 23.Re2 Qb7 24.Rde1 Ree8 25.Nd2 b5 26.Qg3 Qb8 27.Ne4 Nxe4 
28.Rxe4 a5 29.h5 a4 30.Bc2 d5 31.Rf4 e5 32.Rxf7 exd4 33.Rxe8+ Rxe8 34.Qxb8
Rxb8 35.hxg6 dxc3 36.bxc3 Bxc3 37.Rh7+ Kg8 38.Bf5 Bg7 39.Be6+ Kf8 40.f4 b4
41.f5 Rb6 42.Bxd5 b3 43.axb3 axb3 44.f6 1/2-1/2

[Event "7th Essent op"]
[Site "Hoogeveen NED"]
[Date "2003.10.13"]
[Round "4.29"]
[White "Lorscheid, Gerhard"]
[Black "Westerkamp, Bert"]
[Result "1-0"]
[WhiteElo "2297"]
[BlackElo "2129"]
[EventDate "2003.10.10"]
[PlyCount "95"]

1.d4 d5 2.c4 c6 3.Nc3 Nf6 4.e3 e6 5.Nf3 Nbd7 6.Qc2 Bd6 7.g4 h6 8.Bd2 dxc4 
9.Bxc4 Nb6 10.Be2 Nbd5 11.e4 Nxc3 12.bxc3 Bc7 13.Rg1 Nd7 14.e5 c5 15.h4 
cxd4 16.cxd4 Ba5 17.Rd1 Bxd2+ 18.Nxd2 Nb6 19.Ne4 Nd5 20.Qc5 Qc7 21.Qa3 Qe7
22.Nd6+ Kf8 23.Rc1 Bd7 24.Rg3 Kg8 25.Rf3 Be8 26.h5 a6 27.Bc4 Nb6 28.Qc5 
Qg5 29.Be2 Nd5 30.Rg3 b6 31.Qc2 Ba4 32.Qd2 Qxd2+ 33.Kxd2 Rd8 34.Ra3 b5 35.
Bf3 Nb6 36.Rac3 Nc4+ 37.Nxc4 Rxd4+ 38.Ke3 Rxc4 39.Rxc4 bxc4 40.Rxc4 Bb5 
41.Rc8+ Kh7 42.Be4+ g6 43.hxg6+ fxg6 44.Rc7+ Kg8 45.Bxg6 Kf8 46.Rc8+ Kg7 
47.Rxh8 Kxh8 48.Bd3 1-0

[Event "7th Essent op"]
[Site "Hoogeveen NED"]
[Date "2003.10.13"]
[Round "4.30"]
[White "Galje, Hans"]
[Black "Knol, Geon"]
[Result "1-0"]
[WhiteElo "2089"]
[BlackElo "2163"]
[EventDate "2003.10.10"]
[PlyCount "77"]

1.d4 d5 2.c4 e6 3.Nc3 Nf6 4.cxd5 exd5 5.Bg5 Be7 6.Qc2 c6 7.e3 Be6 8.Bd3 
Nbd7 9.Nge2 h6 10.Bh4 Rc8 11.O-O g5 12.Bg3 h5 13.f4 Nf8 14.f5 Bd7 15.e4 
Ng4 16.Qb3 h4 17.Be1 dxe4 18.Bc4 Qc7 19.Bxf7+ Kd8 20.g3 Nxh2 21.Kxh2 hxg3+
22.Kg2 Rh2+ 23.Kg1 Rh3 24.Nxe4 c5 25.Bxg3 Qc6 26.Bd5 Qh6 27.Nf2 Rh5 28.Bf3
g4 29.Nxg4 Qg5 30.Ne5 Rh7 31.Nf7+ Rxf7 32.Qxf7 cxd4 33.Qb3 Bc5 34.Kg2 Bxf5
35.Qd5+ Nd7 36.Rh1 d3 37.Rh8+ Bf8 38.Rxf8+ Ke7 39.Qf7# 1-0